World literature after empire : rethinking universality in the long cold war / Pieter Vanhove. (Record no. 22318)

000 -LEADER
fixed length control field 00436nam a22001337a 4500
020 ## - INTERNATIONAL STANDARD BOOK NUMBER
ISBN 9781032044569
082 ## - DEWEY DECIMAL CLASSIFICATION NUMBER
Classification number 809.0904
Item number V256 2021
100 ## - MAIN ENTRY--AUTHOR NAME
Personal name Vanhove, Pieter, author.
245 ## - TITLE STATEMENT
Title World literature after empire : rethinking universality in the long cold war / Pieter Vanhove.
260 ## - PUBLICATION, DISTRIBUTION, ETC. (IMPRINT)
Place of publication New York, NY :
Name of publisher Routledge,
Year of publication c2021.
300 ## - PHYSICAL DESCRIPTION
Number of Pages x, 211 pages :
Other physical details illustrations.
650 ## - SUBJECT ADDED ENTRY--TOPICAL TERM
Topical Term Cold War and literature.
942 ## - ADDED ENTRY ELEMENTS (KOHA)
Koha item type Electronic Books
Holdings
Source of acquisition Permanent Location Date acquired Collection code Koha item type Lost status Shelving location Withdrawn status Current Location Full call number
DonationCagayan State University - Carig Library2026-04-15E-BooksElectronic Books E-Resource Section Cagayan State University - Carig Library809.0904 V256 2021

Cagayan State University University Library, Carig Campus
Tuguegarao City, Cagayan 3500 | www.csucarig.edu.ph

Powered by Koha